000
00326nam a2200133Ia 4500
008
200103s9999||||xx |||||||||||||| ||und||
040
_a
IMU-MPC
082
_a
Column-14
100
_a
Klinkert, J.
245
4
_a
The free gyroscope and the arma brown compass
260
_b
Kandy Publications
_c
1964
300
_a
20
942
_c
BK
999
_c
5535
_d
5535